| 000 | 00650cam a22002053a 4500 | ||
|---|---|---|---|
| 001 | 39001 | ||
| 003 | PGUSA | ||
| 005 | 20140828083848.0 | ||
| 008 | 120227s2012||||xxu|||||s|||||000 | eng d | ||
| 040 |
_aPGUSA _beng |
||
| 042 | _adc | ||
| 100 | 1 |
_aEscott, T. H. S. _q(Thomas Hay Sweet), _d1844-1924 |
|
| 245 | 1 | 0 |
_aSocial Transformations of the Victorian Age : _bA Survey of Court and Country _h[electronic resource] / _cT. H. S. Escott |
| 260 |
_bProject Gutenberg, _c2012 |
||
| 506 | _aPublic domain in the USA. | ||
| 516 | _aElectronic text | ||
| 830 | 0 |
_aProject Gutenberg _v39001 |
|
| 856 | 4 | 0 | _uhttp://www.gutenberg.org/ebooks/39001 |
| 942 | _cEB | ||
| 999 |
_c268254 _d268254 |
||